|
|
|
|
| LEADER |
00000nam0a2200000 4500 |
| 001 |
375500 |
| 005 |
20231102012736.0 |
| 035 |
|
|
|a (RuTPU)RU\TPU\retro\32939
|
| 035 |
|
|
|a RU\TPU\book\279449
|
| 090 |
|
|
|a 375500
|
| 100 |
|
|
|a 20221220d1987 k y0rusy50 ca
|
| 101 |
0 |
|
|a rus
|
| 102 |
|
|
|a BY
|
| 105 |
|
|
|a a z 001zy
|
| 200 |
1 |
|
|a Физико-механические методы измерения и дозирования массы сыпучих материалов
|f М. А. Гатих
|g Академия наук Белорусской ССР (АН БССР), Институт торфа (ИТ)
|
| 210 |
|
|
|a Минск
|c Наука и техника
|d 1987
|
| 215 |
|
|
|a 255 с.
|c ил.
|
| 320 |
|
|
|a Библиогр.: с. 246-252.
|
| 320 |
|
|
|a Предметный указатель: с. 253-254.
|
| 606 |
1 |
|
|a Сыпучие материалы
|x Физико-механические свойства
|2 stltpush
|3 (RuTPU)RU\TPU\subj\58483
|9 76271
|
| 610 |
1 |
|
|a дозирование
|
| 610 |
1 |
|
|a масса
|
| 610 |
1 |
|
|a контроль
|
| 610 |
1 |
|
|a учет
|
| 610 |
1 |
|
|a расходомеры
|
| 610 |
1 |
|
|a плотность
|
| 675 |
|
|
|a 539.215
|v 3
|
| 700 |
|
1 |
|a Гатих
|b М. А.
|
| 712 |
0 |
2 |
|a Академия наук Белорусской ССР (АН БССР)
|b Институт торфа (ИТ)
|c (Минск)
|c (1932-1990)
|2 stltpush
|3 (RuTPU)RU\TPU\col\11584
|
| 801 |
|
1 |
|a RU
|b 63413507
|c 20140410
|
| 801 |
|
2 |
|a RU
|b 63413507
|c 20221220
|g RCR
|
| 942 |
|
|
|c BK
|